Juan Mauricio Rugendas (Record no. 7673)
[ view plain ]
| 000 -CABECERA | |
|---|---|
| campo de control de longitud fija | 00939nam a2200265 a 4500 |
| 001 - NÚMERO DE CONTROL | |
| campo de control | BRCA_8004 |
| 005 - FECHA Y HORA DE LA ÚLTIMA TRANSACCIÓN | |
| campo de control | 20190320210107.0 |
| 008 - DATOS DE LONGITUD FIJA--INFORMACIÓN GENERAL | |
| campo de control de longitud fija | 180314s1905----gw-a###f##---#000-0#spa-# |
| 041 ## - CÓDIGO DE LENGUA | |
| Código de lengua del texto/banda sonora o título independiente | ger |
| 044 ## - CÓDIGO DEL PAÍS DE LA ENTIDAD EDITORA/PRODUCTORA | |
| Código MARC del país | gw |
| 050 #4 - SIGNATURA TOPOGRÁFICA DE LA BIBLIOTECA DEL CONGRESO | |
| Número de clasificación | ND588.R8 |
| Número de documento/Ítem | .J8 1905 |
| 245 10 - MENCIÓN DE TÍTULO | |
| Título | Juan Mauricio Rugendas |
| Resto del título | un pintor alemán en México |
| Mención de responsabilidad, etc. | prólogo de Federico Hernández Serrano. |
| 260 ## - PUBLICACIÓN, DISTRIBUCIÓN, ETC. | |
| Lugar de publicación, distribución, etc. | Alemania |
| Nombre del editor, distribuidor, etc. | Dumont Presse |
| Fecha de publicación, distribución, etc. | [1905] |
| 300 ## - DESCRIPCIÓN FÍSICA | |
| Extensión | 1 v. (sin paginación) |
| Otras características físicas | il. a color, 12 láminas |
| Dimensiones | 21 cm. |
| 500 ## - NOTA GENERAL | |
| Nota general | En portada : dibujo a pluma de Puente Nacional de México |
| 500 ## - NOTA GENERAL | |
| Nota general | Colección Gráfica del Estado de Baviera de Munich |
| 500 ## - NOTA GENERAL | |
| Nota general | Texto reimpreso en Colonia |
| 500 ## - NOTA GENERAL | |
| Nota general | Y1 |
| 600 14 - PUNTO DE ACCESO ADICIONAL DE MATERIA--NOMBRE DE PERSONA | |
| Nombre de persona | Rugendas, Juan Mauricio |
| Subdivisión de forma | pintor |
| Subdivisión geográfica | Alemania |
| 9 (RLIN) | 19872 |
| 650 14 - PUNTO DE ACCESO ADICIONAL DE MATERIA--TÉRMINO DE MATERIA | |
| Término de materia o nombre geográfico como elemento de entrada | Pintura |
| Subdivisión general | Paisajes mexicanos |
| 9 (RLIN) | 19873 |
| 650 14 - PUNTO DE ACCESO ADICIONAL DE MATERIA--TÉRMINO DE MATERIA | |
| Término de materia o nombre geográfico como elemento de entrada | Pintores |
| Subdivisión de forma | Geografía |
| Subdivisión geográfica | México |
| 9 (RLIN) | 19874 |
| 700 1# - PUNTO DE ACCESO ADICIONAL--NOMBRE DE PERSONA | |
| Nombre de persona | Hernández Serrano, Federico |
| Término indicativo de función/relación | pról. |
| 9 (RLIN) | 19875 |
| 902 ## - CATALOGADOR | |
| Iniciales | GFM |
| 942 ## - ELEMENTOS DE PUNTO DE ACCESO ADICIONAL (KOHA) | |
| Fuente del sistema de clasificación o colocación | Library of Congress Classification |
| Tipo de ítem Koha | Libros |
| Estado de retiro | Estado de pérdida | Estado dañado | No para préstamo | Localización permanente | Ubicación/localización actual | Fecha de adquisición | Número de inventario | Total de préstamos | Signatura topográfica completa | Código de barras | Fecha visto por última vez | Precio válido a partir de | Tipo de ítem Koha |
|---|---|---|---|---|---|---|---|---|---|---|---|---|---|
| El ejemplar forma parte de la colección y puede ser consultado según las políticas vigentes. | Biblioteca del Museo Franz Mayer (Rogerio Casas-Alatriste) | Biblioteca del Museo Franz Mayer (Rogerio Casas-Alatriste) | 18/03/2014 | Y1 | ND588.R8 .J8 1905 (Y1) | 8615 | 22/03/2019 | 22/03/2019 | Libros |